00720nam a22002057a 4500003000900000008004100009020001800050040007100068082001500139100002600154245003600180260003300216300002800249440003700277505011700314650001900431650001300450650002000463700003100483AR-CdUCM190520b ||||| |||| 00| 0 spa d a950-503-081-9 aMUNICIPALIDAD PROVINCIAL DEL CUSCOcBIBLIOTECA MUNICIPAL DEL CUSCO a320 /bK57 aKirkpatrick, Jeane J. aPolítica y derechos humanos / aArgentina :bMarymar,c1983. a250 páginas ;c23 cm. aColección ciencias políticas aContenido: Política y derechos humanos -- El fenómeno Reagan -- Los estados unidos en las naciones unidas... aEstados unidos aSiglo XX aNaciones unidas aJusto, Luis (traducción)